| 000 | 00567nam a22001937a 4500 | ||
|---|---|---|---|
| 005 | 20260515114952.0 | ||
| 008 | 230908b ||||| |||| 00| 0 eng d | ||
| 020 | _a9789392330000 | ||
| 040 |
_aIN-DiNC _cIN-DiNC |
||
| 041 | _dasm | ||
| 082 |
_a491.451 _bBAR |
||
| 100 |
_aBaruah, Dipak _eauthor |
||
| 245 |
_aAsamiya bhasha aru lipir parichaymulak itihas (Major & Minor)/ _cby Dipak Baruah |
||
| 250 | _a1st ed. | ||
| 260 |
_aDibrugarh: _bMahaveer publications, _c2023. |
||
| 300 | _a271p. | ||
| 650 | _aHistory of Assamese language and script | ||
| 942 |
_2ddc _cBK |
||
| 999 |
_c11608 _d11608 |
||